[Event "Quebec op"]
[Site "Montreal"]
[Date "2012.07.28"]
[Round "9"]
[White "Nardone, Raul"]
[Black "Sarrazin Gendron, Roman"]
[Result "1-0"]
[WhiteElo "1870"]
[BlackElo "1938"]
[PlyCount "53"]
[EventDate "2012.07.21"]
[EventType "swiss"]
[EventRounds "9"]
[EventCountry "CAN"]
[SourceTitle "EXT 2022"]
[Source "ChessBase"]
[SourceDate "2021.10.06"]
[SourceVersion "1"]
[SourceVersionDate "2021.10.06"]
[SourceQuality "1"]

1. e4 d6 2. d4 Nf6 3. Bd3 e5 4. c3 d5 5. dxe5 Nxe4 6. Bxe4 dxe4 7. Qa4+ Nc6 8. Qxe4 Be6 9. Nf3 Bd5 10. Qe2 Bxf3 11. Qxf3 Qe7 12. 0-0 0-0-0 13. Qg4+ Kb8 14. Bg5 Qd7 15. e6 fxe6 16. Bxd8 Nxd8 17. Rd1 Bd6 18. Na3 Qf7 19. Rd3 Nc6 20. Rf3 Qe7 21. Nc4 b5 22. Qe4 bxc4 23. Qxc6 Qh4 24. h3 g5 25. Rd1 g4 26. hxg4 Rg8 27. Rxd6 1-0

[Event "Quebec op"]
[Site "Montreal"]
[Date "2012.07.22"]
[Round "3"]
[White "Sarrazin Gendron, Roman"]
[Black "Luksza, Arkadiusz"]
[Result "0-1"]
[WhiteElo "1938"]
[BlackElo "2143"]
[PlyCount "68"]
[EventDate "2012.07.21"]
[EventType "swiss"]
[EventRounds "9"]
[EventCountry "CAN"]
[SourceTitle "EXT 2022"]
[Source "ChessBase"]
[SourceDate "2021.10.06"]
[SourceVersion "1"]
[SourceVersionDate "2021.10.06"]
[SourceQuality "1"]

1. e4 e6 2. d4 d5 3. Nd2 Be7 4. e5 c5 5. Ne2 Nh6 6. f4 Nc6 7. Nf3 0-0 8. Be3 f6 9. dxc5 Ng4 10. Bg1 fxe5 11. h3 Nf6 12. fxe5 Ne4 13. Qd3 Nb4 14. Qb3 Qa5 15. 0-0-0 Nxa2+ 16. Kb1 Nb4 17. c3 Na6 18. Qc2 Bxc5 19. Bxc5 Naxc5 20. Ned4 Bd7 21. Rc1 Rac8 22. Nd2 Rf2 23. Be2 Ba4 24. b3 Nxd2+ 25. Qxd2 Nxb3 26. Nxb3 Bxb3 27. Rhf1 Rxe2 28. Qxe2 Bc4 29. Qf2 Bd3+ 30. Kb2 Bxf1 31. Rxf1 Qxc3+ 32. Kb1 Qb4+ 33. Ka2 Qa5+ 34. Kb2 Qb6+ 0-1

[Event "Quebec op"]
[Site "Montreal"]
[Date "2012.07.21"]
[Round "1"]
[White "Xu, Haizhou"]
[Black "Sarrazin Gendron, Roman"]
[Result "1-0"]
[WhiteElo "2126"]
[BlackElo "1938"]
[PlyCount "100"]
[EventDate "2012.07.21"]
[EventType "swiss"]
[EventRounds "9"]
[EventCountry "CAN"]
[SourceTitle "EXT 2022"]
[Source "ChessBase"]
[SourceDate "2021.10.06"]
[SourceVersion "1"]
[SourceVersionDate "2021.10.06"]
[SourceQuality "1"]

1. e4 d6 2. d4 Nf6 3. Nc3 g6 4. f4 Bg7 5. Nf3 0-0 6. Bd3 Nc6 7. e5 dxe5 8. fxe5 Nh5 9. Be3 f6 10. exf6 exf6 11. 0-0 Re8 12. Qd2 Bg4 13. Be2 Nb4 14. Bf2 Nd5 15. Nxd5 Qxd5 16. Rfe1 Qd6 17. h3 Be6 18. c4 c6 19. Rad1 Nf4 20. Bf1 Rad8 21. d5 cxd5 22. cxd5 Bf7 23. Rxe8+ Rxe8 24. Qa5 Bf8 25. Qxa7 Bxd5 26. Be3 Nxh3+ 27. Kh1 Qe6 28. Qd4 Bxf3 29. Bc4 Bxd1 30. Bxe6+ Rxe6 31. Qxd1 Rxe3 32. gxh3 Re7 33. Qb3+ Rf7 34. a4 f5 35. Kg2 f4 36. Kf3 Bc5 37. a5 Be3 38. Qd5 Kg7 39. b4 h6 40. h4 Kf6 41. b5 g5 42. h5 Kg7 43. Qe6 Rf6 44. Qc8 Rf7 45. b6 Bd4 46. Qe6 Bf6 47. Qf5 Kf8 48. a6 bxa6 49. b7 Be5 50. Qxe5 Rxb7 1-0

[Event "Quebec op"]
[Site "Montreal"]
[Date "2011.07.27"]
[Round "6"]
[White "Luksza, Arkadiusz"]
[Black "Sarrazin Gendron, Roman"]
[Result "1-0"]
[WhiteElo "2197"]
[BlackElo "1968"]
[PlyCount "97"]
[EventDate "2011.07.23"]
[EventType "swiss"]
[EventRounds "9"]
[EventCountry "CAN"]
[SourceTitle "EXT 2022"]
[Source "ChessBase"]
[SourceDate "2021.10.06"]
[SourceVersion "1"]
[SourceVersionDate "2021.10.06"]
[SourceQuality "1"]

1. Nf3 Nf6 2. g3 g6 3. Bg2 Bg7 4. c4 0-0 5. Nc3 d6 6. d4 c5 7. d5 e6 8. 0-0 exd5 9. cxd5 Re8 10. Re1 a6 11. a4 Nbd7 12. Bf4 Qc7 13. h3 Rb8 14. Nd2 b5 15. axb5 axb5 16. Nde4 Nxe4 17. Nxe4 Ne5 18. Bg5 Nd7 19. Qc1 f5 20. Nd2 Nf6 21. Kh2 Qd7 22. Bxf6 Bxf6 23. e4 Qg7 24. Ra2 Bd4 25. f4 g5 26. Nf3 gxf4 27. Qxf4 Bf2 28. Re2 Rxe4 29. Rxe4 fxe4 30. Qxd6 Bxg3+ 31. Qxg3 Qxg3+ 32. Kxg3 exf3 33. Bxf3 Kf7 34. Ra7+ Rb7 35. Ra6 Bf5 36. d6 Rd7 37. Rc6 Ke6 38. Rxc5 Rxd6 39. Rxb5 Rd3 40. Rb6+ Ke7 41. Rb7+ Ke6 42. Kf4 Rd4+ 43. Kg5 h6+ 44. Kxh6 Rh4+ 45. Kg5 Rxh3 46. Rb3 Rg3+ 47. Kf4 Rh3 48. Rb5 Rh2 49. Rb6+ 1-0

[Event "Quebec-ch U16"]
[Site "Montreal"]
[Date "2010.11.27"]
[Round "3"]
[White "Roy, Myriam"]
[Black "Sarrazin Gendron, Roman"]
[Result "1-0"]
[WhiteElo "2007"]
[BlackElo "2013"]
[PlyCount "73"]
[EventDate "2010.11.26"]
[EventType "swiss"]
[EventRounds "5"]
[EventCountry "CAN"]
[SourceTitle "EXT 2013"]
[Source "ChessBase"]
[SourceDate "2012.11.22"]
[SourceVersion "1"]
[SourceVersionDate "2012.11.22"]
[SourceQuality "1"]

1. e4 d6 2. d4 Nf6 3. Nc3 g6 4. f4 Bg7 5. Nf3 0-0 6. Bd3 Nc6 7. 0-0 e5 8. d5 Ne7 9. fxe5 dxe5 10. Nxe5 Nfxd5 11. exd5 Bxe5 12. Bg5 Qd6 13. Qf3 f6 14. Bf4 Bf5 15. Rad1 Qb6+ 16. Kh1 Qxb2 17. Bxe5 fxe5 18. Bc4 Kg7 19. Qe3 Qb4 20. Qxe5+ Kh6 21. Rd4 g5 22. Qe3 Kg6 23. g4 Rae8 24. Bd3 Qc5 25. gxf5+ Nxf5 26. Bxf5+ Kf6 27. Bd7+ Kg7 28. Qxg5+ Kh8 29. Rxf8+ Rxf8 30. Qe5+ Kg8 31. Be6+ Rf7 32. Bxf7+ Kxf7 33. Rf4+ Kg8 34. Qe6+ Kg7 35. Rf7+ Kh8 36. Qe8+ Qf8 37. Qxf8# 1-0

[Event "Quebec-ch Elite qual"]
[Site "Montreal"]
[Date "2010.05.09"]
[Round "5"]
[White "Sarrazin Gendron, Roman"]
[Black "Dumont, Felix"]
[Result "1/2-1/2"]
[WhiteElo "1896"]
[BlackElo "1959"]
[PlyCount "35"]
[EventDate "2010.05.07"]
[EventType "swiss"]
[EventRounds "5"]
[EventCountry "CAN"]
[SourceTitle "EXT 2013"]
[Source "ChessBase"]
[SourceDate "2012.11.22"]
[SourceVersion "1"]
[SourceVersionDate "2012.11.22"]
[SourceQuality "1"]

1. Nf3 Nf6 2. c4 g6 3. Nc3 Bg7 4. e4 d6 5. d4 0-0 6. Be2 e5 7. 0-0 Nbd7 8. d5 Nc5 9. Qc2 a5 10. Ne1 Ne8 11. Be3 f5 12. f3 f4 13. Bf2 g5 14. g4 fxg3 15. hxg3 b6 16. g4 Nf6 17. Be3 h6 18. Rf2 1/2-1/2

[Event "Quebec-ch Elite qual"]
[Site "Montreal"]
[Date "2010.05.08"]
[Round "3"]
[White "Sarrazin Gendron, Roman"]
[Black "Poulin, Mathieu"]
[Result "0-1"]
[WhiteElo "1896"]
[BlackElo "1984"]
[PlyCount "76"]
[EventDate "2010.05.07"]
[EventType "swiss"]
[EventRounds "5"]
[EventCountry "CAN"]
[SourceTitle "EXT 2013"]
[Source "ChessBase"]
[SourceDate "2012.11.22"]
[SourceVersion "1"]
[SourceVersionDate "2012.11.22"]
[SourceQuality "1"]

1. Nf3 Nf6 2. c4 c5 3. g3 g6 4. Bg2 Bg7 5. 0-0 0-0 6. d4 d6 7. d5 Nbd7 8. Nc3 a6 9. a4 Ng4 10. Qc2 Rb8 11. a5 e5 12. dxe6 fxe6 13. h3 Nge5 14. Nd2 Nc6 15. Nb3 Nb4 16. Qe4 Ne5 17. Rd1 Qe7 18. f4 Nec6 19. Be3 e5 20. Nd5 Nxd5 21. Qxd5+ Be6 22. Qxd6 Bxc4 23. Bd5+ Bxd5 24. Qxd5+ Qf7 25. Bxc5 Rfd8 26. Qxf7+ Kxf7 27. Bd6 Rbc8 28. Ba3 exf4 29. gxf4 Nd4 30. Nxd4 Bxd4+ 31. Kf1 Be3 32. Bd6 Rc4 33. Ra3 Rxf4+ 34. Bxf4 Rxd1+ 35. Kg2 Bxf4 36. Rf3 g5 37. e3 Rd2+ 38. Kg1 Rd3 0-1

[Event "Quebec-ch Elite qual"]
[Site "Montreal"]
[Date "2010.05.07"]
[Round "1"]
[White "Kraiouchkine, Nikita"]
[Black "Sarrazin Gendron, Roman"]
[Result "1-0"]
[WhiteElo "2198"]
[BlackElo "1896"]
[PlyCount "107"]
[EventDate "2010.05.07"]
[EventType "swiss"]
[EventRounds "5"]
[EventCountry "CAN"]
[SourceTitle "EXT 2013"]
[Source "ChessBase"]
[SourceDate "2012.11.22"]
[SourceVersion "1"]
[SourceVersionDate "2012.11.22"]
[SourceQuality "1"]

1. e4 c6 2. d4 d5 3. Nc3 dxe4 4. Nxe4 Bf5 5. Ng3 Bg6 6. h4 h6 7. Nf3 Nd7 8. h5 Bh7 9. Bd3 Bxd3 10. Qxd3 Ngf6 11. Bf4 Qa5+ 12. Bd2 Qc7 13. 0-0-0 e6 14. Ne4 0-0-0 15. Kb1 Nxe4 16. Qxe4 Nf6 17. Qe2 Bd6 18. c4 c5 19. Bc3 Qc6 20. d5 Qc7 21. dxe6 Rde8 22. Qd3 Rxe6 23. Qf5 Kb8 24. Rhe1 Rhe8 25. Bxf6 gxf6 26. Rxe6 Rxe6 27. Qh7 Bf8 28. Nh4 Re2 29. Qd3 Rxf2 30. Qd8+ Qc8 31. g4 Re2 32. Nf5 Re8 33. Qxf6 Qe6 34. Rd8+ Rxd8 35. Qxd8+ Qc8 36. Qxc8+ Kxc8 37. g5 hxg5 38. h6 Bxh6 39. Nxh6 f6 40. Kc2 Kd7 41. Kd3 Ke6 42. Ke4 a6 43. a4 b6 44. Nf5 g4 45. Kf4 Kd7 46. Kxg4 Kc6 47. Ne7+ Kd6 48. Nd5 b5 49. Kf5 bxc4 50. Ne3 Kc6 51. Kxf6 c3 52. bxc3 c4 53. Nxc4 Kc5 54. Nb2 1-0

[Event "Quebec-ch U20"]
[Site "Montreal"]
[Date "2010.03.13"]
[Round "3"]
[White "Cvetkovic, Simeon"]
[Black "Sarrazin Gendron, Roman"]
[Result "1-0"]
[WhiteElo "1934"]
[BlackElo "1919"]
[PlyCount "59"]
[EventDate "2010.03.12"]
[EventType "swiss"]
[EventRounds "5"]
[EventCountry "CAN"]
[SourceTitle "EXT 2013"]
[Source "ChessBase"]
[SourceDate "2012.11.22"]
[SourceVersion "1"]
[SourceVersionDate "2012.11.22"]
[SourceQuality "1"]

1. b3 Nf6 2. Bb2 g6 3. e3 Bg7 4. Nf3 0-0 5. c4 c5 6. d4 b6 7. Nc3 e6 8. Be2 Bb7 9. 0-0 Qe7 10. Re1 d6 11. Qc2 Nc6 12. Rad1 Ne8 13. a3 Nc7 14. Na4 e5 15. dxe5 dxe5 16. Nc3 e4 17. Nd2 f5 18. f3 exf3 19. Bxf3 Ne6 20. Nd5 Qg5 21. Bxg7 Kxg7 22. Qc3+ Kg8 23. Nf1 Ne7 24. Qe5 Kf7 25. Nf4 Bxf3 26. Qxe6+ Ke8 27. h4 Qxh4 28. gxf3 Rf6 29. Qe5 Kf8 30. Ng2 1-0

[Event "Quebec-ch U16"]
[Site "Montreal"]
[Date "2009.11.29"]
[Round "5"]
[White "Sarrazin Gendron, Roman"]
[Black "Nadeau, Emmanuel"]
[Result "1-0"]
[WhiteElo "1915"]
[BlackElo "1668"]
[PlyCount "79"]
[EventDate "2009.11.27"]
[EventType "swiss"]
[EventRounds "5"]
[EventCountry "CAN"]
[SourceTitle "EXT 2011"]
[Source "ChessBase"]
[SourceDate "2010.11.26"]
[SourceVersion "1"]
[SourceVersionDate "2010.11.26"]
[SourceQuality "1"]

1. Nf3 Nf6 2. c4 g6 3. Nc3 Bg7 4. e4 d6 5. d4 0-0 6. Be2 e5 7. 0-0 Bg4 8. d5 Ne8 9. b4 f5 10. Nd2 Bxe2 11. Qxe2 f4 12. c5 Na6 13. Ba3 Qc8 14. Rfc1 Nf6 15. Nb3 Nh5 16. f3 Rf6 17. cxd6 cxd6 18. Na4 Qd7 19. b5 Nc7 20. Nc3 Rc8 21. Na5 Na8 22. Nc4 Qc7 23. Na4 Qd8 24. Nxd6 Rxc1+ 25. Rxc1 Nb6 26. Nxb6 Qxb6+ 27. Bc5 Qd8 28. Nc4 b6 29. Ba3 Rf7 30. Qd2 Rd7 31. Bb2 Re7 32. d6 Re6 33. Qd5 Qd7 34. Nxe5 Qxd6 35. Rc8+ Bf8 36. Qxd6 Rxd6 37. Ba3 Rf6 38. Nd7 Rf7 39. Rxf8+ Rxf8 40. Bxf8 1-0

[Event "Montreal Saturday op 09"]
[Site "Montreal"]
[Date "2009.09.30"]
[Round "5"]
[White "Morin, Louis"]
[Black "Sarrazin Gendron, Roman"]
[Result "1-0"]
[WhiteElo "1886"]
[BlackElo "1851"]
[PlyCount "59"]
[EventDate "2009.09.02"]
[EventType "tourn"]
[EventRounds "5"]
[EventCountry "CAN"]
[SourceTitle "EXT 2011"]
[Source "ChessBase"]
[SourceDate "2010.11.26"]
[SourceVersion "1"]
[SourceVersionDate "2010.11.26"]
[SourceQuality "1"]

1. e4 c5 2. d4 cxd4 3. c3 Nf6 4. e5 Nd5 5. Qxd4 e6 6. Bc4 Nb6 7. Bb3 Nc6 8. Qe4 d5 9. exd6 Bxd6 10. Nf3 Nd7 11. Bc2 Nf6 12. Qh4 b6 13. 0-0 Bb7 14. Bg5 Be7 15. Rd1 Qc7 16. Nbd2 0-0-0 17. Nc4 Nd5 18. Bxe7 Ncxe7 19. Nce5 Ng6 20. Qc4 Qxc4 21. Nxc4 Ngf4 22. Ng5 Ne2+ 23. Kf1 Ba6 24. Bb3 Rd7 25. Kxe2 Rc7 26. Ke1 f6 27. Nf7 Bxc4 28. Nd6+ Kb8 29. Nxc4 a5 30. Ne3 1-0

[Event "Montreal Saturday op 09"]
[Site "Montreal"]
[Date "2009.09.16"]
[Round "3"]
[White "Plante, Michel"]
[Black "Sarrazin Gendron, Roman"]
[Result "1-0"]
[WhiteElo "2049"]
[BlackElo "1851"]
[PlyCount "81"]
[EventDate "2009.09.02"]
[EventType "tourn"]
[EventRounds "5"]
[EventCountry "CAN"]
[SourceTitle "EXT 2011"]
[Source "ChessBase"]
[SourceDate "2010.11.26"]
[SourceVersion "1"]
[SourceVersionDate "2010.11.26"]
[SourceQuality "1"]

1. d4 Nf6 2. Nf3 g6 3. Bg5 Bg7 4. Nbd2 b6 5. e4 0-0 6. Bd3 Bb7 7. Qe2 c5 8. c3 Qc7 9. Rc1 cxd4 10. Nxd4 a6 11. 0-0 e5 12. Nc2 d5 13. Bxf6 Bxf6 14. Qf3 Bg5 15. Ne3 dxe4 16. Bxe4 Nc6 17. Bd5 Rad8 18. Ne4 Bh6 19. Rcd1 Bg7 20. Ng4 Kh8 21. Nef6 Rd6 22. Ne4 Rxd5 23. Rxd5 f5 24. Ng5 Ne7 25. Qh3 h5 26. Ne6 Qc6 27. Nxf8 fxg4 28. Nxg6+ Qxg6 29. Rd8+ Kh7 30. Qd3 Be4 31. Qd6 Qg5 32. Rd7 Nf5 33. Qxe5 Bxg2 34. Rxg7+ Qxg7 35. Qxf5+ Kh8 36. Kxg2 h4 37. Re1 Qb7+ 38. Kg1 g3 39. Re8+ Kg7 40. Qf8+ Kg6 41. Re6+ 1-0

[Event "Montreal Saturday op 09"]
[Site "Montreal"]
[Date "2009.09.02"]
[Round "1"]
[White "Levkovsky, Alexandre"]
[Black "Sarrazin Gendron, Roman"]
[Result "1-0"]
[WhiteElo "2177"]
[BlackElo "1851"]
[PlyCount "57"]
[EventDate "2009.09.02"]
[EventType "tourn"]
[EventRounds "5"]
[EventCountry "CAN"]
[SourceTitle "EXT 2011"]
[Source "ChessBase"]
[SourceDate "2010.11.26"]
[SourceVersion "1"]
[SourceVersionDate "2010.11.26"]
[SourceQuality "1"]

1. e4 c6 2. d4 d5 3. e5 Bf5 4. h4 h5 5. Ne2 e6 6. Nf4 Bg4 7. Be2 Bxe2 8. Qxe2 Be7 9. Nxh5 g6 10. Nf4 Rxh4 11. Rxh4 Bxh4 12. Nc3 Nd7 13. Be3 Bg5 14. 0-0-0 Qa5 15. Qg4 Bxf4 16. Qxf4 b5 17. Kb1 b4 18. Ne2 c5 19. Rh1 c4 20. Rh8 Ke7 21. Qh4+ Ndf6 22. exf6+ Kd6 23. Qh7 b3 24. Nc3 bxa2+ 25. Ka1 Nxf6 26. Qh2+ Kd7 27. Rxa8 Ne4 28. Nxe4 dxe4 29. Qb8 1-0

[Event "Montreal Unisource 4th"]
[Site "Montreal"]
[Date "2009.03.01"]
[Round "4"]
[White "Lescarbeau, Martin"]
[Black "Sarrazin Gendron, Roman"]
[Result "0-1"]
[WhiteElo "1574"]
[BlackElo "1641"]
[PlyCount "56"]
[EventDate "2009.02.27"]
[EventType "tourn"]
[EventRounds "5"]
[EventCountry "CAN"]
[SourceTitle "EXT 2011"]
[Source "ChessBase"]
[SourceDate "2010.11.26"]
[SourceVersion "1"]
[SourceVersionDate "2010.11.26"]
[SourceQuality "1"]

1. d4 Nf6 2. c4 g6 3. Nc3 Bg7 4. e4 d6 5. g3 0-0 6. Bg2 Nbd7 7. Nge2 e5 8. d5 a5 9. 0-0 Nc5 10. Be3 b6 11. Bxc5 bxc5 12. a4 Ne8 13. Qd2 f5 14. f3 Bd7 15. Nb5 Nf6 16. Nec3 fxe4 17. fxe4 Ng4 18. Rxf8+ Bxf8 19. Rf1 Bh6 20. Qe2 Ne3 21. Re1 Bg4 22. Qd3 Nxg2 23. Kxg2 Qd7 24. Kg1 Rf8 25. Rf1 Qe7 26. Rxf8+ Qxf8 27. Nxc7 Bh3 28. N3b5 Be3+ 0-1

[Event "Montreal Unisource 4th"]
[Site "Montreal"]
[Date "2009.02.27"]
[Round "1"]
[White "Sarrazin Gendron, Roman"]
[Black "Zhu, Hong Rui"]
[Result "0-1"]
[WhiteElo "1641"]
[BlackElo "1590"]
[PlyCount "146"]
[EventDate "2009.02.27"]
[EventType "tourn"]
[EventRounds "5"]
[EventCountry "CAN"]
[SourceTitle "EXT 2011"]
[Source "ChessBase"]
[SourceDate "2010.11.26"]
[SourceVersion "1"]
[SourceVersionDate "2010.11.26"]
[SourceQuality "1"]

1. Nf3 Nf6 2. g3 g6 3. Bg2 Bg7 4. 0-0 0-0 5. c4 c5 6. Nc3 Nc6 7. b3 b6 8. Bb2 Bb7 9. d3 d6 10. e3 Qd7 11. Qe2 Rfe8 12. Nd5 Nxd5 13. cxd5 Nb8 14. Bxg7 Kxg7 15. Nd2 Qd8 16. f4 Nd7 17. f5 Nf6 18. e4 Qc7 19. g4 Rf8 20. g5 Nd7 21. Qg4 f6 22. h4 Ne5 23. Qg3 Kf7 24. fxg6+ hxg6 25. gxf6 exf6 26. Nf3 Nxf3+ 27. Rxf3 Kg7 28. Bh3 Bc8 29. Kh2 Bxh3 30. Kxh3 Qd7+ 31. Kh2 Rad8 32. Rg1 Qe8 33. Rf4 Kh7 34. Rg4 Rg8 35. Qf3 Qe5+ 36. Kh1 Qe7 37. h5 g5 38. Qf5+ Kh6 39. Rf1 Rdf8 40. Rg2 Qe5 41. Qe6 Qxe6 42. dxe6 Kxh5 43. Rf5 Kg6 44. Rd5 Rd8 45. e7 Rd7 46. Rf2 Rxe7 47. Rxd6 Rf8 48. Rf5 Kg7 49. Kg2 Kg6 50. Rf3 Re5 51. Kg3 Rf7 52. Kg4 Kg7 53. Rf2 Ree7 54. Rf3 Rc7 55. Rf5 Rce7 56. Rf3 Re5 57. a3 Ree7 58. Kh5 Re8 59. Kg4 Rh8 60. d4 Rh4+ 61. Kf5 cxd4 62. Rxd4 Re7 63. Rd5 Rhxe4 64. Rb5 R7e5+ 65. Rxe5 Rxe5+ 66. Kg4 Kg6 67. Rc3 Rd5 68. b4 a5 69. bxa5 Rxa5 70. Rc6 Ra4+ 71. Kg3 Rxa3+ 72. Kg4 Ra4+ 73. Kg3 b5 0-1